Clothes a-z - Statistics

General Stats
  • This quiz has been taken 372 times
  • The average score is 13 of 20
Answer Stats
Hinto Answer % Correct
A - Worn during cooking Apron
94%
G - Worn on your hands Gloves
90%
H- Worn on your head Hat
89%
M - Worn to not catch/spread disease Mask
84%
C - Outerwear to keep you warm and dry Coat
83%
S - Wrapped around your neck Scarf
79%
L - Skin-tight trousers that cover the legs Leggings
77%
P - Worn at night time Pyjamas
76%
U - Undergarments Underpants
73%
E - To keep your ears warm Earmuffs
71%
K - Traditional scottish clothing Kilt
71%
V - To keep you warm under a top Vest
65%
D - Women's garment Dress
55%
B - Smart top worn by women Blouse
54%
F - A coat made of fur Furcoat
52%
N - Neckwear consisting of a long narrow piece of material worn (mostly by men) Neck tie
45%
T - Improper attire at a fancy restaurant T'shirt
42%
J - Often made of wool Jumper
41%
O - Work clothes, dungarees, etc Overalls
41%
W - Part of a three piece suit Waistcoat
30%
No matching quizzes found
Score Distribution
Percent of People with Each Score
Percentile by Number Answered
Your Score History
You have not taken this quiz